000 00299nam a22001337a 4500
008 170609b xxu||||| |||| 00| 0 eng d
020 _a9780394706597
041 _aeng
080 _a32
100 _a19
101 _aSHP
245 _aRADICAL RENEWAL THE POLITICS
_cBIRBAUM.N
942 _2udc
_cBK
999 _c16635
_d16635